Statistiques concernant Riverdale

Cliquez ici pour prendre le quiz!

Statistiques générales

  • Ce quiz a été pris 44 fois
  • Le résultat moyen est 24 sur 100

Statistiques - réponses

HintRéponse% Correct
1Elizabeth Cooper
96%
2Archibald Andrews
89%
4Jughead Jones
85%
16Cheryl Blossom
78%
9Alice Cooper
74%
3Veronica Lodge
70%
11FP Jones
67%
18Hiram Lodge
67%
19Hermione Lodge
63%
17Jason Blossom
63%
6Josie McCoy
63%
5Kevin Keller
63%
15Polly Cooper
63%
20Toni Topaz
63%
13Fred Andrews
59%
10Hal Cooper
59%
29Penelope Blossom
59%
30Tom Keller
56%
43Pop Tate
52%
24Charles
44%
39JellyBean Jones
44%
21Reggie Mantle
44%
23Chic
41%
31Ethel Muggs
41%
27Fangs Fogarty
41%
7Valerie Brown
41%
33Clifford Blossom
37%
14Mary Andrews
37%
32Nana Rose
37%
22Sweet Pea
37%
92Hermosa Lodge
33%
47Moose Mason
33%
28Sierra McCoy
33%
25Edgar Evernever
30%
55Juniper
30%
50Penny Peabody
30%
56Dagwood
26%
37Evelyn Evernever
22%
34Geraldine Grundy
22%
12Gladys Jones
22%
41Joaquin DeSantos
22%
45Midge Klump
22%
35Nick St Clair
22%
53Vegas
22%
36Bret Weston
19%
26Chuck Clayton
19%
46Dilton Doiley
19%
38Donna Swett
19%
65Frank Andrews
15%
52Hot dog
15%
44Tabitha Tate
15%
75Tall Boy
15%
81André
11%
70Ben Button
11%
40Ricky DeSantos
11%
83anthony
7%
79Baby teeth
7%
54Caramel
7%
95Eric Jackson
7%
68Heather
7%
48Holden Honey
7%
60Jonathan
7%
8Melody Valentine
7%
49Munroe Mad dog
7%
42Peaches`N Cream
7%
80Smithers
7%
96Bingo
4%
67Britta Beach
4%
57Chad Gekko
4%
82Coach Floyd Clayton
4%
93Dodger Dickenson
4%
73Glen Scot
4%
61Joan Berkeley
4%
98Kurtz
4%
86Malachai
4%
77Marty Mantle
4%
66Percival Pickens
4%
72Agent Arthur Adams
0%
78Claudius Blossom
0%
90Doris Bell
0%
63Dr Curdle
0%
64Dr Curdle Jr
0%
88Elio Grande
0%
58Francis Dupont
0%
99Jessica
0%
69Jillian Drake
0%
87Joseph Svenson
0%
91Katy Keene
0%
62K.O Kelly
0%
89Laura
0%
76Marcus Mason
0%
97Minerva Marble
0%
59Ruppert Chipping
0%
94Samm Pansky
0%
85Shérif Michael Minetta
0%
84Soeur Agatha Woodhouse
0%
51Thomas Topaz
0%
71Tueur au sac poubelle
0%
74Waldo Weatherbee
0%
100Warden Norton
0%

Distribution des résultats

Percentile par nombre de réponses

% des personnes avec chaque résultat

Votre développement - résultats

Vous n’avez pas pris ce quiz